<?xml version="1.0" encoding="UTF-8"?>
<marc:record xmlns:marc="http://www.loc.gov/MARC21/slim" type="Bibliographic">
   <marc:leader>00000pam a2200000 c 4500</marc:leader>
   <marc:controlfield tag="001">974891371</marc:controlfield>
   <marc:controlfield tag="003">DE-101</marc:controlfield>
   <marc:controlfield tag="005">20171203181708.0</marc:controlfield>
   <marc:controlfield tag="007">tu</marc:controlfield>
   <marc:controlfield tag="008">050512s2005    gw ||||| |||| 00||||ger  </marc:controlfield>
   <marc:datafield ind1=" " ind2=" " tag="015">
      <marc:subfield code="a">05,A39,0906</marc:subfield>
      <marc:subfield code="z">05,N23,1064</marc:subfield>
      <marc:subfield code="2">dnb</marc:subfield>
   </marc:datafield>
   <marc:datafield ind1="7" ind2=" " tag="016">
      <marc:subfield code="2">DE-101</marc:subfield>
      <marc:subfield code="a">974891371</marc:subfield>
   </marc:datafield>
   <marc:datafield ind1=" " ind2=" " tag="020">
      <marc:subfield code="a">9783794524136</marc:subfield>
      <marc:subfield code="c">Pp. : EUR 39.95, sfr 62.40</marc:subfield>
      <marc:subfield code="9">978-3-7945-2413-6</marc:subfield>
   </marc:datafield>
   <marc:datafield ind1=" " ind2=" " tag="020">
      <marc:subfield code="a">3794524136</marc:subfield>
      <marc:subfield code="c">Pp. : EUR 39.95, sfr 62.40</marc:subfield>
      <marc:subfield code="9">3-7945-2413-6</marc:subfield>
   </marc:datafield>
   <marc:datafield ind1="3" ind2=" " tag="024">
      <marc:subfield code="a">9783794524136</marc:subfield>
   </marc:datafield>
   <marc:datafield ind1=" " ind2=" " tag="035">
      <marc:subfield code="a">(DE-599)DNB974891371</marc:subfield>
   </marc:datafield>
   <marc:datafield ind1=" " ind2=" " tag="035">
      <marc:subfield code="a">(OCoLC)230671580</marc:subfield>
   </marc:datafield>
   <marc:datafield ind1=" " ind2=" " tag="040">
      <marc:subfield code="a">1245</marc:subfield>
      <marc:subfield code="b">ger</marc:subfield>
      <marc:subfield code="c">DE-101</marc:subfield>
      <marc:subfield code="d">9999</marc:subfield>
   </marc:datafield>
   <marc:datafield ind1=" " ind2=" " tag="041">
      <marc:subfield code="a">ger</marc:subfield>
   </marc:datafield>
   <marc:datafield ind1=" " ind2=" " tag="044">
      <marc:subfield code="c">XA-DE-BW</marc:subfield>
   </marc:datafield>
   <marc:datafield ind1="7" ind2="4" tag="082">
      <marc:subfield code="a">610</marc:subfield>
      <marc:subfield code="q">DE-101</marc:subfield>
      <marc:subfield code="2">22sdnb</marc:subfield>
   </marc:datafield>
   <marc:datafield ind1=" " ind2=" " tag="090">
      <marc:subfield code="a">b</marc:subfield>
   </marc:datafield>
   <marc:datafield ind1="0" ind2="0" tag="245">
      <marc:subfield code="a">&#x98;Das&#x9c; Wort Psychiatrie ... wurde in Halle geboren</marc:subfield>
      <marc:subfield code="b">von den Anfängen der deutschen Psychiatrie</marc:subfield>
      <marc:subfield code="c">Andreas Marneros ; Frank Pillmann</marc:subfield>
   </marc:datafield>
   <marc:datafield ind1=" " ind2="1" tag="264">
      <marc:subfield code="a">Stuttgart</marc:subfield>
      <marc:subfield code="a">New York</marc:subfield>
      <marc:subfield code="b">Schattauer</marc:subfield>
      <marc:subfield code="c">2005</marc:subfield>
   </marc:datafield>
   <marc:datafield ind1=" " ind2=" " tag="300">
      <marc:subfield code="a">XI, 153 S.</marc:subfield>
      <marc:subfield code="b">Ill., graph. Darst.</marc:subfield>
      <marc:subfield code="c">25 cm</marc:subfield>
   </marc:datafield>
   <marc:datafield ind1=" " ind2=" " tag="336">
      <marc:subfield code="a">Text</marc:subfield>
      <marc:subfield code="b">txt</marc:subfield>
      <marc:subfield code="2">rdacontent</marc:subfield>
   </marc:datafield>
   <marc:datafield ind1=" " ind2=" " tag="337">
      <marc:subfield code="a">ohne Hilfsmittel zu benutzen</marc:subfield>
      <marc:subfield code="b">n</marc:subfield>
      <marc:subfield code="2">rdamedia</marc:subfield>
   </marc:datafield>
   <marc:datafield ind1=" " ind2=" " tag="338">
      <marc:subfield code="a">Band</marc:subfield>
      <marc:subfield code="b">nc</marc:subfield>
      <marc:subfield code="2">rdacarrier</marc:subfield>
   </marc:datafield>
   <marc:datafield ind1=" " ind2=" " tag="500">
      <marc:subfield code="a">Literaturverz. S. 146 - 153</marc:subfield>
   </marc:datafield>
   <marc:datafield ind1="1" ind2="7" tag="600">
      <marc:subfield code="0">(DE-588)118599224</marc:subfield>
      <marc:subfield code="0">http://d-nb.info/gnd/118599224</marc:subfield>
      <marc:subfield code="0">(DE-101)118599224</marc:subfield>
      <marc:subfield code="a">Reil, Johann Christian</marc:subfield>
      <marc:subfield code="d">1759-1813</marc:subfield>
      <marc:subfield code="2">gnd</marc:subfield>
   </marc:datafield>
   <marc:datafield ind1="1" ind2="7" tag="600">
      <marc:subfield code="0">(DE-588)116917423</marc:subfield>
      <marc:subfield code="0">http://d-nb.info/gnd/116917423</marc:subfield>
      <marc:subfield code="0">(DE-101)116917423</marc:subfield>
      <marc:subfield code="a">Hitzig, Eduard</marc:subfield>
      <marc:subfield code="d">1838-1907</marc:subfield>
      <marc:subfield code="2">gnd</marc:subfield>
   </marc:datafield>
   <marc:datafield ind1="1" ind2="7" tag="600">
      <marc:subfield code="0">(DE-588)118806742</marc:subfield>
      <marc:subfield code="0">http://d-nb.info/gnd/118806742</marc:subfield>
      <marc:subfield code="0">(DE-101)118806742</marc:subfield>
      <marc:subfield code="a">Wernicke, Carl</marc:subfield>
      <marc:subfield code="d">1848-1905</marc:subfield>
      <marc:subfield code="2">gnd</marc:subfield>
   </marc:datafield>
   <marc:datafield ind1="2" ind2="7" tag="610">
      <marc:subfield code="0">(DE-588)4307565-4</marc:subfield>
      <marc:subfield code="0">http://d-nb.info/gnd/4307565-4</marc:subfield>
      <marc:subfield code="0">(DE-101)043075657</marc:subfield>
      <marc:subfield code="a">Universitätsklinik und Poliklinik für Psychiatrie und Neurologie</marc:subfield>
      <marc:subfield code="2">gnd</marc:subfield>
   </marc:datafield>
   <marc:datafield ind1="2" ind2="7" tag="610">
      <marc:subfield code="0">(DE-588)4307565-4</marc:subfield>
      <marc:subfield code="0">http://d-nb.info/gnd/4307565-4</marc:subfield>
      <marc:subfield code="0">(DE-101)043075657</marc:subfield>
      <marc:subfield code="a">Universitätsklinik und Poliklinik für Psychiatrie und Neurologie</marc:subfield>
      <marc:subfield code="2">gnd</marc:subfield>
   </marc:datafield>
   <marc:datafield ind1=" " ind2="7" tag="650">
      <marc:subfield code="0">(DE-588)4041408-5</marc:subfield>
      <marc:subfield code="0">http://d-nb.info/gnd/4041408-5</marc:subfield>
      <marc:subfield code="0">(DE-101)040414086</marc:subfield>
      <marc:subfield code="a">Naturphilosophie</marc:subfield>
      <marc:subfield code="2">gnd</marc:subfield>
   </marc:datafield>
   <marc:datafield ind1=" " ind2="7" tag="650">
      <marc:subfield code="0">(DE-588)4123382-7</marc:subfield>
      <marc:subfield code="0">http://d-nb.info/gnd/4123382-7</marc:subfield>
      <marc:subfield code="0">(DE-101)041233824</marc:subfield>
      <marc:subfield code="a">Hirnforschung</marc:subfield>
      <marc:subfield code="2">gnd</marc:subfield>
   </marc:datafield>
   <marc:datafield ind1=" " ind2="7" tag="650">
      <marc:subfield code="0">(DE-588)4123382-7</marc:subfield>
      <marc:subfield code="0">http://d-nb.info/gnd/4123382-7</marc:subfield>
      <marc:subfield code="0">(DE-101)041233824</marc:subfield>
      <marc:subfield code="a">Hirnforschung</marc:subfield>
      <marc:subfield code="2">gnd</marc:subfield>
   </marc:datafield>
   <marc:datafield ind1=" " ind2=" " tag="653">
      <marc:subfield code="a">(VLB-PF)BB: Gebunden</marc:subfield>
   </marc:datafield>
   <marc:datafield ind1=" " ind2=" " tag="653">
      <marc:subfield code="a">(VLB-WI)1: Hardcover, Softcover, Karte</marc:subfield>
   </marc:datafield>
   <marc:datafield ind1=" " ind2=" " tag="653">
      <marc:subfield code="a">(VLB-WG)696: Medizin, Pharmazie / Sonstige Fachgebiete</marc:subfield>
   </marc:datafield>
   <marc:datafield ind1="0" ind2="0" tag="689">
      <marc:subfield code="0">(DE-588)118599224</marc:subfield>
      <marc:subfield code="0">http://d-nb.info/gnd/118599224</marc:subfield>
      <marc:subfield code="0">(DE-101)118599224</marc:subfield>
      <marc:subfield code="D">p</marc:subfield>
      <marc:subfield code="a">Reil, Johann Christian</marc:subfield>
      <marc:subfield code="d">1759-1813</marc:subfield>
   </marc:datafield>
   <marc:datafield ind1="0" ind2="1" tag="689">
      <marc:subfield code="0">(DE-588)4041408-5</marc:subfield>
      <marc:subfield code="0">http://d-nb.info/gnd/4041408-5</marc:subfield>
      <marc:subfield code="0">(DE-101)040414086</marc:subfield>
      <marc:subfield code="D">s</marc:subfield>
      <marc:subfield code="a">Naturphilosophie</marc:subfield>
   </marc:datafield>
   <marc:datafield ind1="0" ind2=" " tag="689">
      <marc:subfield code="5">DE-101</marc:subfield>
      <marc:subfield code="5">DE-101</marc:subfield>
   </marc:datafield>
   <marc:datafield ind1="1" ind2="0" tag="689">
      <marc:subfield code="0">(DE-588)116917423</marc:subfield>
      <marc:subfield code="0">http://d-nb.info/gnd/116917423</marc:subfield>
      <marc:subfield code="0">(DE-101)116917423</marc:subfield>
      <marc:subfield code="D">p</marc:subfield>
      <marc:subfield code="a">Hitzig, Eduard</marc:subfield>
      <marc:subfield code="d">1838-1907</marc:subfield>
   </marc:datafield>
   <marc:datafield ind1="1" ind2="1" tag="689">
      <marc:subfield code="0">(DE-588)4307565-4</marc:subfield>
      <marc:subfield code="0">http://d-nb.info/gnd/4307565-4</marc:subfield>
      <marc:subfield code="0">(DE-101)043075657</marc:subfield>
      <marc:subfield code="D">b</marc:subfield>
      <marc:subfield code="a">Universitätsklinik und Poliklinik für Psychiatrie und Neurologie</marc:subfield>
   </marc:datafield>
   <marc:datafield ind1="1" ind2="2" tag="689">
      <marc:subfield code="0">(DE-588)4123382-7</marc:subfield>
      <marc:subfield code="0">http://d-nb.info/gnd/4123382-7</marc:subfield>
      <marc:subfield code="0">(DE-101)041233824</marc:subfield>
      <marc:subfield code="D">s</marc:subfield>
      <marc:subfield code="a">Hirnforschung</marc:subfield>
   </marc:datafield>
   <marc:datafield ind1="1" ind2=" " tag="689">
      <marc:subfield code="5">DE-101</marc:subfield>
      <marc:subfield code="5">DE-101</marc:subfield>
   </marc:datafield>
   <marc:datafield ind1="2" ind2="0" tag="689">
      <marc:subfield code="0">(DE-588)118806742</marc:subfield>
      <marc:subfield code="0">http://d-nb.info/gnd/118806742</marc:subfield>
      <marc:subfield code="0">(DE-101)118806742</marc:subfield>
      <marc:subfield code="D">p</marc:subfield>
      <marc:subfield code="a">Wernicke, Carl</marc:subfield>
      <marc:subfield code="d">1848-1905</marc:subfield>
   </marc:datafield>
   <marc:datafield ind1="2" ind2="1" tag="689">
      <marc:subfield code="0">(DE-588)4307565-4</marc:subfield>
      <marc:subfield code="0">http://d-nb.info/gnd/4307565-4</marc:subfield>
      <marc:subfield code="0">(DE-101)043075657</marc:subfield>
      <marc:subfield code="D">b</marc:subfield>
      <marc:subfield code="a">Universitätsklinik und Poliklinik für Psychiatrie und Neurologie</marc:subfield>
   </marc:datafield>
   <marc:datafield ind1="2" ind2="2" tag="689">
      <marc:subfield code="0">(DE-588)4123382-7</marc:subfield>
      <marc:subfield code="0">http://d-nb.info/gnd/4123382-7</marc:subfield>
      <marc:subfield code="0">(DE-101)041233824</marc:subfield>
      <marc:subfield code="D">s</marc:subfield>
      <marc:subfield code="a">Hirnforschung</marc:subfield>
   </marc:datafield>
   <marc:datafield ind1="2" ind2=" " tag="689">
      <marc:subfield code="5">DE-101</marc:subfield>
      <marc:subfield code="5">DE-101</marc:subfield>
   </marc:datafield>
   <marc:datafield ind1="1" ind2=" " tag="700">
      <marc:subfield code="0">(DE-588)115391150</marc:subfield>
      <marc:subfield code="0">http://d-nb.info/gnd/115391150</marc:subfield>
      <marc:subfield code="0">(DE-101)115391150</marc:subfield>
      <marc:subfield code="a">Marneros, Andreas</marc:subfield>
      <marc:subfield code="d">1946-</marc:subfield>
      <marc:subfield code="e">Mitwirkender</marc:subfield>
      <marc:subfield code="4">ctb</marc:subfield>
   </marc:datafield>
   <marc:datafield ind1="1" ind2=" " tag="700">
      <marc:subfield code="0">(DE-588)112065783</marc:subfield>
      <marc:subfield code="0">http://d-nb.info/gnd/112065783</marc:subfield>
      <marc:subfield code="0">(DE-101)112065783</marc:subfield>
      <marc:subfield code="a">Pillmann, Frank</marc:subfield>
      <marc:subfield code="d">1961-</marc:subfield>
      <marc:subfield code="e">Mitwirkender</marc:subfield>
      <marc:subfield code="4">ctb</marc:subfield>
   </marc:datafield>
   <marc:datafield ind1=" " ind2=" " tag="850">
      <marc:subfield code="a">DE-101a</marc:subfield>
      <marc:subfield code="a">DE-101b</marc:subfield>
   </marc:datafield>
   <marc:datafield ind1="4" ind2="2" tag="856">
      <marc:subfield code="m">V:DE-605</marc:subfield>
      <marc:subfield code="q">application/pdf</marc:subfield>
      <marc:subfield code="u">http://d-nb.info/974891371/04</marc:subfield>
      <marc:subfield code="3">Inhaltsverzeichnis</marc:subfield>
   </marc:datafield>
   <marc:datafield ind1="4" ind2="2" tag="856">
      <marc:subfield code="m">X:MVB</marc:subfield>
      <marc:subfield code="q">text/html</marc:subfield>
      <marc:subfield code="u">http://deposit.dnb.de/cgi-bin/dokserv?id=2631162&amp;prov=M&amp;dok_var=1&amp;dok_ext=htm</marc:subfield>
      <marc:subfield code="3">Inhaltstext</marc:subfield>
   </marc:datafield>
   <marc:datafield ind1="r" ind2=" " tag="925">
      <marc:subfield code="a">ra</marc:subfield>
   </marc:datafield>
</marc:record>
